01833nam a2200277 4500001000700000003000900007005001700016007000300033008004100036040001800077080003300095080002200128100003300150245012000183250004200303260004500345300002700390336002200417337003000439338002400469520081200493600002801305651004501333700002801378852014901406193223ES-MaACL20250709222100.0ta231016b sp ||||| |||| 00| 0 spa d bspacES-MaACL a929Guerra, Alfonso:32(049.3) a32(460)"1975/..."1 aGuerra, Alfonso,d1940-eaut13aLa rosa y las espinas : bel hombre detrás del político /cAlfonso Guerra en conversación con Manuel Lamarca aPrimera edición: septiembre de 2023 aMadrid :bLa Esfera de los Libros,c2023 a276 páginas ;c24 cm 2rdacontentaTexto 2rdamediaasin mediación 2rdacarrieravolumen aEn marzo de 2022, Alfonso Guerra se sentó frente a la cámara del cineasta Manuel Lamarca para hacer un repaso a su trayectoria personal y política. Este libro recoge los mejores momentos de las grabaciones, en las que Guerra se muestra directo y sin las cortapisas de «lo políticamente correcto». El lector podrá conocer los entresijos de la Transición, cómo se desarrolló la elaboración de la Constitución, el golpe de Estado del 23F, la histórica victoria del PSOE de 1982, su trabajo como vicepresidente o su salida del Gobierno. Sin olvidar al hombre detrás del político, su faceta más personal y familiar, así como sus gustos literarios, musicales o cinematográficos, enriquecidos por el trato con las personalidades de todo tipo que ha conocido a lo largo de su vida.14aGuerra, Alfonso,d1940- 4aEspaña-xPolítica y gobierno-y1975-1 aLamarca, Manuel,d1974- aES-MaACLbR. 154756cDEPOJjN-9372xEncuadernación cartoné con sobrecubiertasgDedicatoria autógrafa del autorhDonación: Alfonso Guerra